000
00277nam a2200109Ia 4500
008
200302s9999 xx 000 0 und d
100
_a
Steve Hardy
245
_a
Time-Saver Details for Roof Design
260
_b
Tata Mcgraw-Hill Book Co. Ltd.
260
_c
1998
300
_a
360 P.,
999
_c
1876
_d
1876